000 00354nam a2200109 4500
999 _c9795
_d9795
008 180717b ||||| |||| 00| 0 eng d
245 _aFishackathon: Leveraging technology to protect fisheries and marine resources.
260 _aPhilippines
_bManila Bulletin
_cc2016
300 _apage B-8.
650 0 _929005
_aTechnological innovations.
942 _2ddc
_cPER